<?xml version="1.0" encoding="UTF-8"?>
<marc:record xmlns:marc="http://www.loc.gov/MARC21/slim">
   <marc:leader>00000nam a2200000 a 4500</marc:leader>
   <marc:datafield ind1="1" ind2=" " tag="100">
      <marc:subfield code="a">Caldwell, Stella</marc:subfield>
      <marc:subfield code="4">aut</marc:subfield>
      <marc:subfield code="e">Verfasser/-in</marc:subfield>
   </marc:datafield>
   <marc:datafield ind1=" " ind2=" " tag="653">
      <marc:subfield code="a">Mädchen</marc:subfield>
   </marc:datafield>
   <marc:datafield ind1=" " ind2=" " tag="653">
      <marc:subfield code="a">Buben</marc:subfield>
   </marc:datafield>
   <marc:datafield ind1=" " ind2=" " tag="653">
      <marc:subfield code="a">Helden</marc:subfield>
   </marc:datafield>
   <marc:datafield ind1=" " ind2=" " tag="653">
      <marc:subfield code="a">Aktivisten</marc:subfield>
   </marc:datafield>
   <marc:datafield ind1="0" ind2="0" tag="245">
      <marc:subfield code="a">Power Kids</marc:subfield>
   </marc:datafield>
   <marc:datafield ind1="0" ind2="0" tag="245">
      <marc:subfield code="b">25 junge Weltveränderer</marc:subfield>
   </marc:datafield>
   <marc:datafield ind1=" " ind2="1" tag="264">
      <marc:subfield code="b">arsEdition</marc:subfield>
      <marc:subfield code="c">2020</marc:subfield>
   </marc:datafield>
   <marc:datafield ind1="1" ind2=" " tag="520">
      <marc:subfield code="a">Unerschrocken, mutig, jung
Die mutigen Jugendlichen kommen aus der ganzen Welt: wie z.B. Greta Thunberg, Klimaaktivistin, die 2018 den Schulstreik für das Klima startete; Alexandra Scott, Krebsaktivistin, sammelte bereits im Alter von vier Jahren Geld für die Krebsforschung; Felix Finkbeiner, Umweltschützer, gründete 2007 Plant-for-the-Planet, um das Bewusstsein für Klimawandel und globale Gerechtigkeit zu wecken; Malala Yousafzai, Bildungsaktivistin, die sich für das Recht von Mädchen auf Lernen einsetzt; Emma González, Befürworterin für schärfere Waffengesetze in den USA; Iqbal Masih, Kinderrechtler, der gegen Kinderarbeit kämpfte, und viele mehr    

    Rebellen: 25 junge Menschen, die ihren eigenen Weg gehen oder gegangen sind, um die Welt zu verändern  
    Was sie dir raten würden: Viele praktische Beispiele aus dem Alltag der Leser, wie sie in bestimmten Situationen gegen Ungerechtigkeiten vorgehen können  
    Hochwertige Illustrationen: Porträtkunstwerke handverlesener Illustratoren
</marc:subfield>
   </marc:datafield>
   <marc:datafield ind1=" " ind2=" " tag="020">
      <marc:subfield code="a">9783845837666</marc:subfield>
      <marc:subfield code="9">9783845837666</marc:subfield>
   </marc:datafield>
</marc:record>
